Responses for Show #4671 - Monday, December 20, 2004

Contestants

[<< previous game]

Lyle Brenner, a college professor from Gainesville, Florida

Michael Kalk, a retired programmer from Austin, Texas

Grayson Holmes, a legal assistant from Washington, D.C. (whose 2-day cash winnings total $44,411)

[next game >>]

Jeopardy! Round responses

FRANK LLOYD WRIGHT
WORLD ATHLETES
BEHOLD THE POWER OF CHEESE
LET'S GO TO THE PARK
STOCK ANSWERS
POINTS OF "LIGHT"
    $200 11
drafting

Lyle
    $200 16
Seattle Mariners

Lyle
    $200 21
somebody sneezed

Grayson
    $200 26
the Bahamas

Lyle
    $200 5
eBay

Lyle
    $200 1
a lightning bug

Grayson
    $400 12
(Grayson: What is Illinois?)

Wisconsin

GraysonLyle
    $400 17
Vijay Singh

Michael
    $400 22
Kraft

Michael
    $400 27
Griffith Park

Lyle
    $400 6
(Grayson: What is Tokyo?)

Hong Kong

GraysonMichael
    $400 2
the speed of light

Lyle
    $600 13
the Prairie School

Grayson
    $600 18
Lennox Lewis

Lyle
    $600 23
Limburger

Lyle
    $600 28
Independence Park

Grayson
    $600 7
Briggs & Stratton

Lyle
    $1,000 3
lighthouse keeper

Lyle
    $800 14
a box

Michael
    $800 19
(Maurice) Richard

Grayson
    $800 24
(Lyle: What is [**]?)
[Originally ruled incorrect; reversed before Double Jeopardy!]

grating (or shredding)

MichaelLyle
    $800 29
(Grayson: What is the Bronx Zoo?)

the London Zoo

Grayson
Triple Stumper
    $800 8
a circuit breaker

Michael
    $800 4
"The Charge of the Light Brigade"

Michael
    $1000 15
a cantilever

Michael
    $1000 20
(Maria) Sharapova

Lyle
    $1000 25
ricotta

Grayson
    $1000 30
Tennessee & Georgia

Lyle
    $1000 9
Desilu

Lyle
    $1000 10
Turkish delight

Lyle

Scores at the first commercial break (after clue 15):

Grayson Michael Lyle
$0 $3,800 $4,800

Scores at the end of the Jeopardy! Round:

Grayson Michael Lyle
$1,800 $5,400 $9,600

Double Jeopardy! Round responses

ANCIENT TIMES
YOURS FOR A SONG
FICTIONAL CHARACTERS
STICK OUT YOUR MOTHER TONGUE
COMMON BONDS
OH "HOLY" NIGHT
    $400 11
Paul

Grayson
    $400 6
"Santa Claus Is Coming To Town"

Grayson
    $400 1
Catch-22

Grayson
    $400 16
(Michael: What is Spanish?)
(Grayson: What is French?)
(Lyle: What is Catalan?)

Portuguese

GraysonMichaelLyle
Triple Stumper
    $400 21
(Lyle: What are great things?)

things that are black and white

GraysonLyle
    $400 26
the Holy Grail

Lyle
    $800 12
(Michael: Who is Euripides?)

Sophocles

MichaelLyle
    $800 7
(Lyle: What is [**]?)
[Originally ruled incorrect; later accepted]

"The Beer Barrel Polka" ("Roll Out The Barrel" also accepted)

Lyle
    $800 2
Daisy

Lyle
    $800 17
Italian

Lyle
    $800 22
things that are made from carbon

Grayson
    $800 27
(Grayson: What is the Holy Ghost?)
[The end-of-round signal sounds.]

Holy Communion

Grayson
Triple Stumper
    $2,500 13
Troy

Lyle
    $1200 8
"Don't Sit Under The Apple Tree"

Michael
    $1200 3
Fleet (Street)

Grayson
    $1200 18
Norse

Michael
    $1200 23
(Alex: Great Britain, the United States and Canada.)

last words of national anthems

Triple Stumper
    $1600 14
(Lyle: Who are the Aztecs?)

the Olmecs

MichaelLyle
    $1600 9
"The Liberty Bell March"

Grayson
    $1600 4
Mr. Chips

Grayson
    $1600 19
Flemish

Lyle
    $2,800 24
things that are slung

Grayson
    $2000 15
Herodotus

Grayson
    $2000 10
wake up

Grayson
    $2000 5
Ethan Frome

Triple Stumper
    $2000 20
Latvian

Michael
    $2000 25
things that come to a point

Grayson

Scores at the end of the Double Jeopardy! Round:

Grayson Michael Lyle
$16,200 $10,200 $14,900

[wagering suggestions for these scores]

Final Jeopardy! Round responses

THE ACADEMY AWARDS
(Alex: The correct response is what are the [*]s for Walter, John and... who's the daughter?)
(Grayson: Anjelica.)
(Alex: Anjelica. And the [*]s--Sofia [*], Francis Ford, and Carmine, who won an Oscar for music for Godfather II.)
MichaelWhat are Douglas and Barrymore?
$10,200
LyleWhat are Fonda and Barrymore?
$6,100
GraysonWhat are Huston and [unreadable]?
$13,700
Huston and Coppola

Final scores:

Grayson Michael Lyle
$2,500 $0 $8,800
2nd place: $2,000 3rd place: $1,000 New champion: $8,800

Game dynamics:

Coryat scores:

Grayson Michael Lyle
$15,000 $10,200 $13,200
18 R
(including 1 DD),
5 W
12 R,
2 W
23 R
(including 2 DDs),
3 W

Combined Coryat: $38,400

[game clues] [game scores] [suggest correction]

Game tape date: 2004-09-14
The J! Archive is created by fans, for fans. Scraping, republication, monetization, and malicious use prohibited; this site may use cookies and collect identifying information. See terms. The Jeopardy! game show and all elements thereof, including but not limited to copyright and trademark thereto, are the property of Jeopardy Productions, Inc. and are protected under law. This website is not affiliated with, sponsored by, or operated by Jeopardy Productions, Inc. Join the discussion at JBoard.tv.